Minecraft Effects - Sudden Death - Statistics

General Stats
  • This quiz has been taken 887 times
  • The average score is 5 of 15
Answers on the Grid
Answers color-coded by a green-red scale on the quiz's grid according to % correct below.
Absorption
Fire Resistance
Regeneration
Darkness
Blindness
Wither
Haste
Nausea
Hero of the Village
Instant Damage
Instant Health
Resistance
Invisibility
Hunger
Night Vision
Switfness
Healing
Damage
Health
Carrot Vision
Starving
Drowning
Warden
Villain of the Village
Good Omen
Breathing
Freezing
Burning
Radiation
Insomnia
 
Answer Stats
Answer % Correct
Fire Resistance
41%
Invisibility
40%
Blindness
39%
Nausea
39%
Night Vision
39%
Haste
37%
Hero of the Village
36%
Wither
36%
Regeneration
35%
Hunger
33%
Resistance
30%
Absorption
29%
Darkness
28%
Instant Health
21%
Instant Damage
20%
No matching quizzes found
Score Distribution
Percent of People with Each Score
Percentile by Number Answered
Your Score History
You have not taken this quiz